Biện pháp quản lý hoạt động kiểm tra - đánh giá kết quả học tập môn toán của học sinh THPT tỉnh Kon Tum
Trên cơ sở nghiên cứu lí luận và thực tiễn công tác quản lý của hiệu trưởng về hoạt động KTĐG KQHT môn toán của HS ở các trường THPT tỉnh Kon Tum, đề xuất các biện pháp quản lý của Hiệu trưởng trong việc đổi mới hoạt động KTĐG KQHT, góp phần nâng cao chất lượng dạy học ở các trường THPT tỉnh Kon Tum...
Đã lưu trong:
| Príomhúdar: | |
|---|---|
| Údair Eile: | |
| Formáid: | Leabhar |
| Teanga: | Vietnamese |
| Foilsithe: |
Đà Nẵng
Đại học Đà Nẵng
2014
|
| Ábhair: | |
| Clibeanna: |
Cuir Clib Leis
Gan Chlibeanna, Bí ar an gcéad duine leis an taifead seo a chlibeáil!
|
| Thư viện lưu trữ: | Mạng thư viện Đại học Đà Nẵng |
|---|
| LEADER | 01946nam a2200349 4500 | ||
|---|---|---|---|
| 001 | 000020088 | ||
| 003 | 16529 | ||
| 005 | 20150313140345.0 | ||
| 008 | 150108s2014 viesd | ||
| 041 | |a vie | ||
| 082 | 1 | 4 | |a 373.1271 |b NG-Q |
| 100 | 1 | |a Nguyễn Đức Quốc | |
| 245 | 1 | |a Biện pháp quản lý hoạt động kiểm tra - đánh giá kết quả học tập môn toán của học sinh THPT tỉnh Kon Tum |c Nguyễn Đức Quốc ; Nguyễn Bảo Hoàng Thanh hướng dẫn. |k Luận văn Thạc sĩ | |
| 260 | |a Đà Nẵng |b Đại học Đà Nẵng |c 2014 | ||
| 300 | |a 98 tr., phụ lục 11 tr. |c 29 cm. |e Tóm tắt | ||
| 500 | |a Luận văn thạc sĩ Khoa học. Chuyên ngành: Quản lý giáo dục. Mã số: 60.14.05 | ||
| 520 | 3 | |a Trên cơ sở nghiên cứu lí luận và thực tiễn công tác quản lý của hiệu trưởng về hoạt động KTĐG KQHT môn toán của HS ở các trường THPT tỉnh Kon Tum, đề xuất các biện pháp quản lý của Hiệu trưởng trong việc đổi mới hoạt động KTĐG KQHT, góp phần nâng cao chất lượng dạy học ở các trường THPT tỉnh Kon Tum. | |
| 650 | 0 | 4 | |a Quản lý giáo dục trung học |v Luận văn tốt nghiệp |x Học sinh |x Kiểm tra đánh giá |z KonTum |
| 653 | |a Giáo dục trung học | ||
| 653 | |a Kiểm tra đánh giá | ||
| 653 | |a Quản lý giáo dục | ||
| 700 | 1 | |a Nguyễn Bảo Hoàng Thanh |c PGS.TS |e Hướng dẫn | |
| OWN | |a LSP | ||
| AVA | |a UDN50 |b LSP |d 373.1271 NG-Q |e available |t Error 5001 Not defined in file expand_doc_bib_avail. |f 1 |g 0 |h N |i 0 |k 1 | ||
| 999 | |a From the UDN01 | ||
| AVA | |a UDN50 |b LSP |d 373.1271 NG-Q |e available |t Error 5001 Not defined in file expand_doc_bib_avail. |f 1 |g 0 |h N |i 0 |k 1 | ||
| TYP | |a Monograph | ||
| TYP | |a Printed language | ||
| 980 | |a Mạng thư viện Đại học Đà Nẵng | ||